Research methods in accounting / (Record no. 15184)
[ view plain ]
| 000 -LEADER | |
|---|---|
| fixed length control field | 01005cam a22002774a 4500 |
| 001 - CONTROL NUMBER | |
| control field | 15184 |
| 003 - CONTROL NUMBER IDENTIFIER | |
| rucl marc code | BD-RjUL |
| 005 - DATE AND TIME OF LATEST TRANSACTION | |
| control field | 20211208235751.0 |
| 008 - FIXED-LENGTH DATA ELEMENTS--GENERAL INFORMATION | |
| fixed length control field | 140209r20072003enk b 001 0 eng |
| 020 ## - INTERNATIONAL STANDARD BOOK NUMBER | |
| International Standard Book Number | 9780761971467 (pbk.) |
| International Standard Book Number | 9780761971474 |
| 035 ## - SYSTEM CONTROL NUMBER | |
| System control number | (BD-RjUL)15238 |
| -- | (DLC) 2002115919 |
| 040 ## - CATALOGING SOURCE | |
| Original cataloging agency | DLC |
| Transcribing agency | DLC |
| Modifying agency | BD-RjUL |
| Language of cataloging | eng |
| 041 ## - LANGUAGE CODE | |
| Language code of text/sound track or separate title | eng |
| 082 00 - DEWEY DECIMAL CLASSIFICATION NUMBER | |
| Classification number | 657.072 |
| Edition number | 22 |
| Author mark and year | SMR 2007 |
| 100 1# - MAIN ENTRY--PERSONAL NAME | |
| Personal name | Smith, Malcolm. |
| 9 (RLIN) | 17571 |
| 245 10 - TITLE STATEMENT | |
| Title | Research methods in accounting / |
| Statement of responsibility, etc. | Malcolm Smith. |
| 260 ## - PUBLICATION, DISTRIBUTION, ETC. (IMPRINT) | |
| Place of publication, distribution, etc. | London ; |
| -- | Thousand Oaks : |
| Name of publisher, distributor, etc. | Sage Publications, |
| Date of publication, distribution, etc. | c2003 [Reprinted 2007]. |
| 300 ## - PHYSICAL DESCRIPTION | |
| Pagination | xiv, 241 p. ; |
| Size | 25 cm. |
| 504 ## - BIBLIOGRAPHY, ETC. NOTE | |
| Bibliography, etc | Includes bibliographical references (p. [209]-229) and index. |
| 650 #0 - SUBJECT ADDED ENTRY--TOPICAL TERM | |
| Topical term or geographic name as entry element | Accounting |
| General subdivision | Research |
| -- | Methodology. |
| 9 (RLIN) | 47249 |
| 856 41 - ELECTRONIC LOCATION AND ACCESS | |
| Materials specified | Table of contents only |
| Uniform Resource Identifier | <a href="http://www.loc.gov/catdir/toc/fy038/2002115919.html">http://www.loc.gov/catdir/toc/fy038/2002115919.html</a> |
| Materials specified | Publisher description |
| Uniform Resource Identifier | <a href="http://www.loc.gov/catdir/enhancements/fy0657/2002115919-d.html">http://www.loc.gov/catdir/enhancements/fy0657/2002115919-d.html</a> |
| 942 ## - ADDED ENTRY ELEMENTS (KOHA) | |
| Source of classification or shelving scheme | Dewey Decimal Classification |
| Koha item type | Books |
| Lost status | Source of classification or shelving scheme | Damaged status | Not for loan | Collection code | Permanent Location | Current Location | Shelving location | Date acquired | Source of acquisition | Cost, normal purchase price | Total Checkouts | Full call number | Date last seen | Copy number | Koha item type |
|---|---|---|---|---|---|---|---|---|---|---|---|---|---|---|---|
| Dewey Decimal Classification | Non-fiction | Central Library, University of Rajshahi | Central Library, University of Rajshahi | 06/06/2009 | Ahasnia Mission Dhaka | 5903.25 | 657.072 SMR 2007 | 09/02/2014 | C-3 | Books | |||||
| Dewey Decimal Classification | Non-fiction | Central Library, University of Rajshahi | Central Library, University of Rajshahi | Dhaka, Ahsania mission book dis. home. | 5903.25 | 657.072 SMR 2007 | 29/10/2016 | C-2 | Books | ||||||
| Dewey Decimal Classification | Not For Loan | Non-fiction | Central Library, University of Rajshahi | Central Library, University of Rajshahi | Reading Room | 03/06/2007 | Dhaka, Paragon Enterpries Ltd. | 24.99 | 657.072 SMR 2003 | 17/01/2017 | C-1 | Books | |||
| Dewey Decimal Classification | Non-fiction | Central Library, University of Rajshahi | Central Library, University of Rajshahi | 16/11/2009 | Ahsania Mission book , Dhaka | 5903.25 | 657.072 SMR 2007 | 07/04/2019 | C-4 | Books | |||||
| Dewey Decimal Classification | Non-fiction | Central Library, University of Rajshahi | Central Library, University of Rajshahi | 16/11/2009 | Ahsania Mission book , Dhaka | 5903.25 | 657.072 SMR 2007 | 07/04/2019 | C-5 | Books |